000 01005nam a2200277 i 4500
001 bg
003 BPK
005 20230209095621.0
008 011214s2001 pl a f |000 0 pol
015 _aPB 2002/2268
020 _a8371514514
040 _aWA N
_cBPK
080 _a327.7"1945/..."
080 _a(075.8)
100 1 _aLatoszek, Ewa
_d(1954- )
_eRedakcja
245 1 0 _aOrganizacje międzynarodowe :
_bzałożenia, cele, działalność : podręcznik akademicki /
_cEwa Latoszek, Magdalena Proczek.
260 _aWarszawa :
_b"Elipsa",
_c2001.
300 _a595, [1] s. :
_bil. ;
_c25 cm.
504 _aBibliogr.
650 4 _aOrganizacje międzynarodowe
_yod 1945 r.
655 4 _aPodręczniki akademickie
710 2 _aElipsa Dom Wydawniczy i Handlowy, Włodzimierz Ulicki.
_4pbl.
700 1 _aProczek, Magdalena
_eAutor
_d(1971- )
942 _2UKD
_cKS
856 _uhttp://koha.tu.koszalin.pl/cgi-bin/koha/opac-detail.pl?biblionumber=40959
_yKatalog online BPK
999 _c40959
_d40959